000 00576nam a2200193Ia 4500
003 OSt
005 20220926041528.0
006 a|||||r|||| 00| 0
007 ta
008 220923b |||||||| |||| 00| 0 eng d
037 _cGeneral Book
040 _aRTL
_cRTL
_beng
041 _2eng
_aeng
082 _aX.2.N9, N5/TD
100 _aUNITED NATIONS INDUSTRIAL DEVELOPMENT ORGANIZATION
_9236255
245 0 _aIndia towards globalization.
942 _hX.2.N9, N5/TD
_cGB
_2CC
999 _c667376
_d667376